[Event "CAN-op"]
[Site "Sackville CAN"]
[Date "2001.07.11"]
[Round "6"]
[White "Chranowski, Rick"]
[Black "Parker, Laurie"]
[Result "1/2-1/2"]
[WhiteElo "1913"]
[BlackElo "1714"]
[PlyCount "36"]
[GameId "2160767911564155"]
[EventDate "2001.07.07"]
[EventType "swiss"]
[EventRounds "10"]
[EventCountry "CAN"]
[SourceTitle "EXT 2006"]
[Source "ChessBase"]
[SourceDate "2005.11.24"]
[SourceVersion "1"]
[SourceVersionDate "2005.11.24"]
[SourceQuality "1"]

1. Nc3 c5 2. f4 e6 3. Nf3 d5 4. e4 d4 5. Bb5+ Bd7 6. Bxd7+ Qxd7 7. Ne5 Qe7 8. Nb1 Qh4+ 9. g3 Qh3 10. Qe2 a6 11. d3 h5 12. Nd2 f6 13. Ng6 Rh7 14. Nf3 Nd7 15. Nxf8 Nxf8 16. Bd2 Rc8 17. O-O-O Qg4 18. h3 Qg6 1/2-1/2

[Event "CAN-op"]
[Site "Sackville CAN"]
[Date "2001.07.11"]
[Round "6"]
[White "Day, Christopher"]
[Black "Arseneau, Peter"]
[Result "0-1"]
[WhiteElo "1696"]
[BlackElo "1851"]
[PlyCount "22"]
[GameId "2160767911564157"]
[EventDate "2001.07.07"]
[EventType "swiss"]
[EventRounds "10"]
[EventCountry "CAN"]
[SourceTitle "EXT 2006"]
[Source "ChessBase"]
[SourceDate "2005.11.24"]
[SourceVersion "1"]
[SourceVersionDate "2005.11.24"]
[SourceQuality "1"]

1. c4 Nf6 2. Nc3 e5 3. g3 c6 4. e4 d5 5. Bg2 d4 6. Nce2 d3 7. Nc3 Bc5 8. Na4 Bd4 9. Rb1 O-O 10. f3 Nh5 11. f4 Nxf4 0-1

[Event "CAN-op"]
[Site "Sackville CAN"]
[Date "2001.07.11"]
[Round "6"]
[White "Deimert, Elroy"]
[Black "Vukovic, Vladimir2"]
[Result "0-1"]
[WhiteElo "1783"]
[BlackElo "1581"]
[PlyCount "78"]
[GameId "2160767911564158"]
[EventDate "2001.07.07"]
[EventType "swiss"]
[EventRounds "10"]
[EventCountry "CAN"]

1. e4 c5 2. Nf3 d6 3. d4 cxd4 4. Nxd4 Nf6 5. Nc3 a6 6. Be3 e6 7. Bd3 Be7 8. O-O O-O 9. Qd2 b5 10. Nf3 Nbd7 11. h3 Bb7 12. a3 Qc7 13. Ng5 Rad8 14. g4 Ne5 15. f4 Nxd3 16. Qxd3 d5 17. e5 Ne4 18. Ngxe4 dxe4 19. Qe2 Rd7 20. g5 Bc5 21. Kg2 Bxe3 22. Qxe3 Rd2+ 23. Rf2 Rfd8 24. Kg3 Rxc2 25. Nxe4 Rxf2 26. Nxf2 Bd5 27. Rc1 Qe7 28. Ng4 b4 29. Kh2 Qb7 30. a4 b3 31. Nf6+ Kh8 32. Qg3 gxf6 33. Rg1 Rg8 34. exf6 Qb4 35. Re1 Qd2+ 36. Kg1 Qxb2 37. f5 Qd4+ 38. Kh2 Qd2+ 39. Kg1 Rxg5 0-1

[Event "CAN-op"]
[Site "Sackville CAN"]
[Date "2001.07.11"]
[Round "6"]
[White "Faust, Steven"]
[Black "Urquhart, Eddie"]
[Result "0-1"]
[WhiteElo "1839"]
[BlackElo "2233"]
[PlyCount "72"]
[GameId "2160767911564159"]
[EventDate "2001.07.07"]
[EventType "swiss"]
[EventRounds "10"]
[EventCountry "CAN"]
[SourceTitle "EXT 2006"]
[Source "ChessBase"]
[SourceDate "2005.11.24"]
[SourceVersion "1"]
[SourceVersionDate "2005.11.24"]
[SourceQuality "1"]

1. c4 e5 2. g3 f5 3. Bg2 Nf6 4. d4 e4 5. Bg5 Be7 6. Nc3 c6 7. e3 Na6 8. a3 Nc7 9. Nge2 d6 10. O-O O-O 11. Qc2 Qe8 12. Nf4 Ne6 13. Nxe6 Bxe6 14. Ne2 Kh8 15. Nf4 Bg8 16. b3 h6 17. Bxf6 Bxf6 18. Rad1 g5 19. Ne2 Bh7 20. d5 c5 21. a4 Qe5 22. Rc1 Rae8 23. Rfe1 h5 24. h3 Rg8 25. Kh1 Rg6 26. Rg1 Rh6 27. Rge1 h4 28. Kg1 Rg8 29. Kf1 Bg6 30. Qc3 Qe7 31. Qd2 Bh5 32. gxh4 Bf3 33. Ng1 g4 34. Ne2 Be5 35. Ng3 Qxh4 36. Nxf5 Bxg2+ 0-1

[Event "CAN-op"]
[Site "Sackville CAN"]
[Date "2001.07.11"]
[Round "6"]
[White "Fischdick, Gisela"]
[Black "Lipnowski, Samuel"]
[Result "1/2-1/2"]
[WhiteElo "2217"]
[BlackElo "2080"]
[PlyCount "35"]
[GameId "2160767911564160"]
[EventDate "2001.07.07"]
[EventType "swiss"]
[EventRounds "10"]
[EventCountry "CAN"]
[SourceTitle "EXT 2006"]
[Source "ChessBase"]
[SourceDate "2005.11.24"]
[SourceVersion "1"]
[SourceVersionDate "2005.11.24"]
[SourceQuality "1"]

1. d4 Nf6 2. Bg5 e6 3. e3 c5 4. c3 b6 5. Nf3 Bb7 6. Nbd2 Be7 7. Bd3 O-O 8. O-O d6 9. Qe2 Nbd7 10. Rfd1 Qc7 11. Rac1 Rfe8 12. Bh4 Rac8 13. a3 Qb8 14. Bb5 Bc6 15. a4 Bf8 16. h3 g6 17. Bg3 Red8 18. Ra1 1/2-1/2

[Event "CAN-op"]
[Site "Sackville CAN"]
[Date "2001.07.11"]
[Round "6"]
[White "Hathaway, John"]
[Black "Husic, Elvis"]
[Result "0-1"]
[WhiteElo "2129"]
[BlackElo "1935"]
[PlyCount "48"]
[GameId "2160767911564162"]
[EventDate "2001.07.07"]
[EventType "swiss"]
[EventRounds "10"]
[EventCountry "CAN"]
[SourceTitle "EXT 2006"]
[Source "ChessBase"]
[SourceDate "2005.11.24"]
[SourceVersion "1"]
[SourceVersionDate "2005.11.24"]
[SourceQuality "1"]

1. d4 Nf6 2. Nf3 e6 3. Bg5 Be7 4. Nbd2 b6 5. e4 Bb7 6. Bd3 O-O 7. O-O d6 8. Re1 Nbd7 9. c4 e5 10. d5 Nxd5 11. exd5 Bxg5 12. Nxg5 Qxg5 13. Ne4 Qe7 14. Qh5 f5 15. Ng5 g6 16. Qh6 Nf6 17. f3 Bc8 18. Rac1 Bd7 19. b4 Qg7 20. Qh4 h6 21. Ne6 Bxe6 22. dxe6 g5 23. Qf2 e4 24. fxe4 Ng4 0-1

[Event "CAN-op"]
[Site "Sackville CAN"]
[Date "2001.07.11"]
[Round "6"]
[White "Hensel, George"]
[Black "Chiasson, Marc"]
[Result "0-1"]
[WhiteElo "1709"]
[BlackElo "1250"]
[PlyCount "52"]
[GameId "2160767911564163"]
[EventDate "2001.07.07"]
[EventType "swiss"]
[EventRounds "10"]
[EventCountry "CAN"]
[SourceTitle "EXT 2006"]
[Source "ChessBase"]
[SourceDate "2005.11.24"]
[SourceVersion "1"]
[SourceVersionDate "2005.11.24"]
[SourceQuality "1"]

1. d4 d5 2. Nf3 Nc6 3. Bf4 Bf5 4. a3 Nf6 5. e3 e6 6. Bb5 a6 7. Bxc6+ bxc6 8. Nbd2 c5 9. c3 c4 10. Ne5 Bd6 11. Qa4+ Nd7 12. Ndf3 Qc8 13. O-O Rb8 14. Ra2 Rb5 15. Bg3 Nxe5 16. Bxe5 O-O 17. Bxd6 cxd6 18. Nd2 Qb7 19. e4 Bg6 20. f3 Rxb2 21. Rxb2 Qxb2 22. Nb1 dxe4 23. fxe4 Bxe4 24. Rf2 Qxb1+ 25. Rf1 Qb2 26. Rf2 Qxc3 0-1

[Event "CAN-op"]
[Site "Sackville CAN"]
[Date "2001.07.11"]
[Round "6"]
[White "Hill, Rod"]
[Black "Mayo, Alvah"]
[Result "0-1"]
[WhiteElo "1799"]
[BlackElo "2204"]
[PlyCount "72"]
[GameId "2160767911564164"]
[EventDate "2001.07.07"]
[EventType "swiss"]
[EventRounds "10"]
[EventCountry "CAN"]
[SourceTitle "EXT 2006"]
[Source "ChessBase"]
[SourceDate "2005.11.24"]
[SourceVersion "1"]
[SourceVersionDate "2005.11.24"]
[SourceQuality "1"]

1. e4 g6 2. d4 Bg7 3. Nc3 c5 4. Be3 Qa5 5. Qd2 cxd4 6. Bxd4 Nf6 7. Nge2 Nc6 8. Be3 O-O 9. Bh6 Bxh6 10. Qxh6 Nxe4 11. h4 Nxc3 12. Nxc3 Qe5+ 13. Be2 Nd4 14. Qd2 Nxe2 15. Qxe2 Qxe2+ 16. Nxe2 d6 17. O-O Bd7 18. Rfe1 Rfc8 19. c3 Rc4 20. g3 Rac8 21. Nf4 e5 22. Nd5 Rd8 23. Ne3 Rc6 24. Rad1 Be6 25. a3 Kf8 26. Kg2 Ke7 27. Rd2 f5 28. f4 Rcc8 29. Rde2 Rc5 30. Nc2 Bd5+ 31. Kf2 Be4 32. Ne3 Ke6 33. fxe5 dxe5 34. Rd1 Rxd1 35. Nxd1 Rd5 36. Ne3 Rd3 0-1

[Event "CAN-op"]
[Site "Sackville CAN"]
[Date "2001.07.11"]
[Round "6"]
[White "Johnson, Ghislaine"]
[Black "Litt, Mathew"]
[Result "1-0"]
[WhiteElo "1308"]
[BlackElo "1134"]
[PlyCount "39"]
[GameId "2160767911564165"]
[EventDate "2001.07.07"]
[EventType "swiss"]
[EventRounds "10"]
[EventCountry "CAN"]
[SourceTitle "EXT 2006"]
[Source "ChessBase"]
[SourceDate "2005.11.24"]
[SourceVersion "1"]
[SourceVersionDate "2005.11.24"]
[SourceQuality "1"]

1. Nf3 d5 2. g3 c5 3. Bg2 Nc6 4. c3 e5 5. d3 Nf6 6. O-O h6 7. Re1 Bd6 8. e4 d4 9. Nh4 dxc3 10. Nxc3 Bg4 11. Bf3 Bh3 12. Nf5 O-O 13. g4 g6 14. Nxh6+ Kh7 15. Qd2 Nd4 16. Re3 Kxh6 17. Bg2 Bxg4 18. Rh3+ Kg7 19. Qh6+ Kg8 20. Qh8# 1-0

[Event "CAN-op"]
[Site "Sackville CAN"]
[Date "2001.07.11"]
[Round "6"]
[White "Kekely, John"]
[Black "Gilks, James"]
[Result "1/2-1/2"]
[WhiteElo "1903"]
[BlackElo "1691"]
[PlyCount "144"]
[GameId "2160767911564167"]
[EventDate "2001.07.07"]
[EventType "swiss"]
[EventRounds "10"]
[EventCountry "CAN"]
[SourceTitle "EXT 2006"]
[Source "ChessBase"]
[SourceDate "2005.11.24"]
[SourceVersion "1"]
[SourceVersionDate "2005.11.24"]
[SourceQuality "1"]

1. e4 e6 2. d4 d5 3. Nc3 Nf6 4. Bg5 Be7 5. e5 Nfd7 6. Bxe7 Qxe7 7. Qd2 O-O 8. f4 Nb6 9. Nf3 a6 10. O-O-O Nc6 11. Bd3 Nb4 12. Ng5 h6 13. h4 Bd7 14. Nf3 Bb5 15. Bf1 Bxf1 16. Rhxf1 Nc4 17. Qe1 Nc6 18. f5 Qb4 19. Rd3 Qxb2+ 20. Kd1 Nb4 21. Rf2 Qa1+ 22. Ke2 Qxe1+ 23. Nxe1 Nxd3 24. Nxd3 Na3 25. Kd2 b6 26. g4 Rac8 27. Rf4 c5 28. dxc5 Nc4+ 29. Ke2 Rc7 30. Na4 exf5 31. cxb6 Nxb6 32. Nxb6 Rxc2+ 33. Kd1 Rxa2 34. Nxd5 fxg4 35. Rxg4 Rd8 36. Rd4 Rb8 37. Nc3 Rh2 38. Rd6 Rh3 39. Ne2 Ra8 40. Rd7 Rxh4 41. Ndf4 a5 42. e6 fxe6 43. Nxe6 Rg4 44. N2d4 Ra6 45. Rd8+ Kf7 46. Rd7+ Kg6 47. Rxg7+ Kh5 48. Rd7 a4 49. Rh7 Rxd4+ 50. Nxd4 Rd6 51. Ke2 Rxd4 52. Ra7 Kg5 53. Ke3 Rb4 54. Rg7+ Kh4 55. Kd3 h5 56. Kc3 Rg4 57. Ra7 Kg3 58. Rh7 h4 59. Rd7 h3 60. Rd3+ Kh2 61. Rd2+ Kh1 62. Rd1+ Rg1 63. Rd4 Rg3+ 64. Kb2 a3+ 65. Ka2 h2 66. Rd1+ Kg2 67. Rd2+ Kh3 68. Rd1 Rg1 69. Rd3+ Kg4 70. Rd4+ Kf5 71. Rd3 h1=Q 72. Rf3+ Qxf3 1/2-1/2

[Event "CAN-op"]
[Site "Sackville CAN"]
[Date "2001.07.11"]
[Round "6"]
[White "Kenney, Jason"]
[Black "Wang, Hao Yuan"]
[Result "0-1"]
[WhiteElo "2030"]
[BlackElo "2145"]
[PlyCount "88"]
[GameId "2160767911564168"]
[EventDate "2001.07.07"]
[EventType "swiss"]
[EventRounds "10"]
[EventCountry "CAN"]

1. d4 Nf6 2. c4 e6 3. Nc3 Bb4 4. e3 c5 5. Bd3 O-O 6. Nge2 d5 7. a3 Bxc3+ 8. bxc3 b6 9. cxd5 exd5 10. O-O Re8 11. Re1 Ba6 12. Bb1 Nbd7 13. f3 Qc7 14. Ng3 Rad8 15. Ra2 Nf8 16. Rd2 Bc8 17. Bb2 c4 18. Rf2 Ng6 19. Bc1 b5 20. e4 dxe4 21. fxe4 Ng4 22. Rff1 N4e5 23. Qe2 Bg4 24. Qe3 Nc6 25. Qg5 Bd7 26. e5 Be6 27. Nh5 Qe7 28. Qg3 Rd7 29. Rf4 a5 30. Ref1 b4 31. Nf6+ gxf6 32. exf6 Qf8 33. Rh4 Rd5 34. axb4 axb4 35. Rh6 Qd6 36. Bf4 Qd7 37. Be4 Bf5 38. Bxd5 Qxd5 39. Rxh7 Nxd4 40. Rg7+ Kh8 41. cxd4 Qxd4+ 42. Be3 Rxe3 43. Qf2 Bd3 44. Rd1 Re4 0-1

[Event "CAN-op"]
[Site "Sackville CAN"]
[Date "2001.07.11"]
[Round "6"]
[White "Kirby, Patrick"]
[Black "Mulyar, Michael"]
[Result "0-1"]
[WhiteElo "2228"]
[BlackElo "2434"]
[PlyCount "74"]
[GameId "2160767911564169"]
[EventDate "2001.07.07"]
[EventType "swiss"]
[EventRounds "10"]
[EventCountry "CAN"]
[SourceTitle "EXT 2006"]
[Source "ChessBase"]
[SourceDate "2005.11.24"]
[SourceVersion "1"]
[SourceVersionDate "2005.11.24"]
[SourceQuality "1"]

1. d4 Nf6 2. c4 e6 3. Nc3 Bb4 4. e3 c5 5. Nge2 cxd4 6. exd4 d5 7. a3 Be7 8. c5 O-O 9. Nf4 b6 10. Be3 bxc5 11. dxc5 Bb7 12. Bb5 e5 13. c6 Nxc6 14. Nfxd5 Nd4 15. Nxf6+ Bxf6 16. O-O Qb6 17. Bd3 Rad8 18. Qb1 g6 19. Be4 Bg7 20. b4 f5 21. Qa2+ Kh8 22. Na4 Qb5 23. Bxb7 Qxa4 24. Bd5 Qd7 25. Bc4 f4 26. Bxd4 exd4 27. Rad1 f3 28. Be6 Qc6 29. Rd3 fxg2 30. Rfd1 Rf3 31. Qc4 Rxd3 32. Rxd3 Qe4 33. Bh3 Rf8 34. f3 Qe1+ 35. Kxg2 Qe2+ 36. Kg1 Rxf3 37. Rxf3 Qxc4 0-1

[Event "CAN-op"]
[Site "Sackville CAN"]
[Date "2001.07.11"]
[Round "6"]
[White "Kleist, Frederick"]
[Black "Predescu, Sebastian"]
[Result "1-0"]
[WhiteElo "2170"]
[BlackElo "2025"]
[PlyCount "67"]
[GameId "2160767911564170"]
[EventDate "2001.07.07"]
[EventType "swiss"]
[EventRounds "10"]
[EventCountry "CAN"]
[SourceTitle "EXT 2006"]
[Source "ChessBase"]
[SourceDate "2005.11.24"]
[SourceVersion "1"]
[SourceVersionDate "2005.11.24"]
[SourceQuality "1"]

1. d4 Nf6 2. c4 g6 3. Nc3 Bg7 4. e4 d6 5. Be2 O-O 6. Bg5 h6 7. Be3 e5 8. d5 Nbd7 9. Qd2 Nc5 10. f3 Nh5 11. b4 Nd7 12. Nh3 Kh7 13. O-O f5 14. exf5 gxf5 15. f4 Nxf4 16. Nxf4 exf4 17. Rxf4 a5 18. bxa5 Ne5 19. Raf1 Bd7 20. Nb5 Rc8 21. Nd4 Ng6 22. R4f2 Ne7 23. Bd3 Bxd4 24. Bxd4 Qe8 25. Rf3 Rg8 26. Rh3 Qg6 27. Be3 h5 28. Qe2 Be8 29. Kh1 Bf7 30. Rf4 Rce8 31. Rfh4 Qf6 32. Rxh5+ Bxh5 33. Qxh5+ Kg7 34. Bh6+ 1-0

[Event "CAN-op"]
[Site "Sackville CAN"]
[Date "2001.07.11"]
[Round "6"]
[White "Laforest, Gilles"]
[Black "Taylor, William"]
[Result "0-1"]
[WhiteElo "1488"]
[BlackElo "1953"]
[PlyCount "62"]
[GameId "2160767911564171"]
[EventDate "2001.07.07"]
[EventType "swiss"]
[EventRounds "10"]
[EventCountry "CAN"]
[SourceTitle "EXT 2006"]
[Source "ChessBase"]
[SourceDate "2005.11.24"]
[SourceVersion "1"]
[SourceVersionDate "2005.11.24"]
[SourceQuality "1"]

1. e4 Nf6 2. e5 Nd5 3. c4 Nb6 4. Nc3 d6 5. d4 dxe5 6. d5 c6 7. h3 cxd5 8. c5 d4 9. Ne4 Nd5 10. Nf3 Nc6 11. Bd2 f5 12. Bb5 Qc7 13. Nh4 g6 14. Ng5 e6 15. b4 Be7 16. Nhf3 h6 17. Qc1 hxg5 18. Bxg5 Bxg5 19. Qxg5 Qg7 20. O-O Rh5 21. Qd2 Bd7 22. a3 g5 23. Bxc6 Bxc6 24. Rfe1 g4 25. Nxe5 gxh3 26. g3 h2+ 27. Kh1 Qxe5 28. b5 Ne3+ 29. bxc6 Qe4+ 30. f3 Qxf3+ 31. Qg2 Qxg2# 0-1

[Event "CAN-op"]
[Site "Sackville CAN"]
[Date "2001.07.11"]
[Round "6"]
[White "Lee, Lorne"]
[Black "Davies, Lucas"]
[Result "1-0"]
[WhiteElo "2230"]
[BlackElo "1905"]
[PlyCount "79"]
[GameId "2160767911564173"]
[EventDate "2001.07.07"]
[EventType "swiss"]
[EventRounds "10"]
[EventCountry "CAN"]
[SourceTitle "EXT 2006"]
[Source "ChessBase"]
[SourceDate "2005.11.24"]
[SourceVersion "1"]
[SourceVersionDate "2005.11.24"]
[SourceQuality "1"]

1. c4 e5 2. Nc3 Nc6 3. g3 g6 4. Bg2 Bg7 5. e4 d6 6. Nge2 f5 7. d3 Nf6 8. O-O O-O 9. Nd5 h6 10. h3 g5 11. exf5 Bxf5 12. Be3 Qd7 13. Nxf6+ Rxf6 14. g4 Bg6 15. Be4 Rb8 16. Qd2 Ne7 17. Bxa7 Ra8 18. Be3 Bxe4 19. dxe4 Ng6 20. Ng3 Nf4 21. Bxf4 exf4 22. Nf5 Re6 23. Nxg7 Kxg7 24. Qd4+ Kh7 25. f3 Re5 26. Rfd1 Qc6 27. a3 b6 28. b3 Kg6 29. Kg2 Rh8 30. Qf2 h5 31. Rh1 h4 32. Rhd1 Rhe8 33. Rd2 Qb7 34. a4 Qa6 35. Rad1 Qa5 36. Rd3 Qb4 37. Qd2 Qa3 38. Qc3 Qa2+ 39. Kg1 Kf7 40. Ra1 1-0

[Event "CAN-op"]
[Site "Sackville CAN"]
[Date "2001.07.11"]
[Round "6"]
[White "Lipnowski, Irwin"]
[Black "Saunders, Stephen"]
[Result "1-0"]
[WhiteElo "2340"]
[BlackElo "2070"]
[PlyCount "47"]
[GameId "2160767911564174"]
[EventDate "2001.07.07"]
[EventType "swiss"]
[EventRounds "10"]
[EventCountry "CAN"]

1. c4 f5 2. g3 g6 3. Bg2 Bg7 4. Nc3 Nf6 5. d3 d6 6. e4 c6 7. Nge2 O-O 8. O-O Na6 9. h3 e5 10. Be3 Nc7 11. Qd2 Qe7 12. Rae1 Be6 13. exf5 Bxf5 14. d4 exd4 15. Nxd4 Bc8 16. Bf4 Qd8 17. Nf3 Nfe8 18. Rd1 Be6 19. b3 Kh8 20. Ng5 Bg8 21. Rfe1 h6 22. Nge4 d5 23. Bxh6 dxe4 24. Bxg7+ 1-0

[Event "CAN-op"]
[Site "Sackville CAN"]
[Date "2001.07.11"]
[Round "6"]
[White "MacDonald, Jonathan"]
[Black "Sauve, Richard"]
[Result "1/2-1/2"]
[WhiteElo "2150"]
[BlackElo "1948"]
[PlyCount "116"]
[GameId "2160767911564175"]
[EventDate "2001.07.07"]
[EventType "swiss"]
[EventRounds "10"]
[EventCountry "CAN"]
[SourceTitle "EXT 2006"]
[Source "ChessBase"]
[SourceDate "2005.11.24"]
[SourceVersion "1"]
[SourceVersionDate "2005.11.24"]
[SourceQuality "1"]

1. e4 e6 2. d4 d5 3. exd5 exd5 4. c4 Nf6 5. Nc3 Be7 6. Nf3 O-O 7. c5 Re8 8. Be2 Bg4 9. O-O c6 10. Bf4 Nbd7 11. b4 Ne4 12. Rc1 a6 13. a4 Ndf6 14. h3 Nxc3 15. Rxc3 Ne4 16. Rb3 Bh5 17. b5 axb5 18. axb5 Qa5 19. bxc6 bxc6 20. Ne5 Bxe2 21. Qxe2 Qa4 22. Qb2 Bf6 23. Rb4 Qa6 24. Rb6 Qa4 25. Rb4 Qa6 26. Nd7 Qa2 27. Qxa2 Rxa2 28. Nb8 Nc3 29. Be3 Ne2+ 30. Kh2 Nxd4 31. Nd7 Nc2 32. Nxf6+ gxf6 33. Rg4+ Kf8 34. Bf4 Re1 35. Rxe1 Nxe1 36. Bd6+ Ke8 37. Rg8+ Kd7 38. Rf8 Rxf2 39. Rxf7+ Kc8 40. Kg1 Rc2 41. Rc7+ Kd8 42. Rxc6 d4 43. Rc7 d3 44. c6 Nxg2 45. Rd7+ Kc8 46. Rc7+ Kb8 47. Rd7+ Ka8 48. Bb4 Nf4 49. Ba5 Rxc6 50. Rxh7 Rd6 51. Bd2 Ne6 52. Kf2 Ng5 53. Bxg5 fxg5 54. Ke1 d2+ 55. Kd1 Kb8 56. Rh5 Rd3 57. Rxg5 Rxh3 58. Kxd2 Ra3 1/2-1/2

[Event "CAN-op"]
[Site "Sackville CAN"]
[Date "2001.07.11"]
[Round "6"]
[White "Marghetis, Aris"]
[Black "Johnson, Kyle"]
[Result "1/2-1/2"]
[WhiteElo "1941"]
[BlackElo "1745"]
[PlyCount "93"]
[GameId "2160767911564176"]
[EventDate "2001.07.07"]
[EventType "swiss"]
[EventRounds "10"]
[EventCountry "CAN"]
[SourceTitle "EXT 2006"]
[Source "ChessBase"]
[SourceDate "2005.11.24"]
[SourceVersion "1"]
[SourceVersionDate "2005.11.24"]
[SourceQuality "1"]

1. e4 c6 2. d3 d5 3. Nd2 e5 4. Ngf3 Bd6 5. g3 Nf6 6. Bg2 Bg4 7. c3 a5 8. Qc2 Nbd7 9. Nf1 O-O 10. Ne3 dxe4 11. dxe4 Nc5 12. Nxg4 Nxg4 13. O-O Qc7 14. Nh4 Ne6 15. h3 Nf6 16. Be3 Rfd8 17. Rad1 Bc5 18. Bc1 Rxd1 19. Rxd1 Rd8 20. Bf3 Qb6 21. Rxd8+ Qxd8 22. Nf5 b5 23. h4 g6 24. Ne3 h5 25. a4 Nc7 26. b3 Qd7 27. Kh2 Kf8 28. Bg2 Qd6 29. f3 Kg8 30. Bh3 Bb6 31. Nd1 Ne6 32. Bxe6 Qxe6 33. Nb2 Qd6 34. Nd3 Nd7 35. axb5 cxb5 36. f4 f6 37. fxe5 fxe5 38. Qe2 Nf6 39. Bg5 Ng4+ 40. Kg2 b4 41. cxb4 axb4 42. Qc2 Qd4 43. Qc4+ Qxc4 44. bxc4 b3 45. Kf3 Bd4 46. Bc1 Kf7 47. Ke2 1/2-1/2

[Event "CAN-op"]
[Site "Sackville CAN"]
[Date "2001.07.11"]
[Round "6"]
[White "Mazzarelli, Ariel"]
[Black "Sullivan, Brian"]
[Result "0-1"]
[WhiteElo "1997"]
[BlackElo "1738"]
[PlyCount "58"]
[GameId "2160767911564177"]
[EventDate "2001.07.07"]
[EventType "swiss"]
[EventRounds "10"]
[EventCountry "CAN"]
[SourceTitle "EXT 2006"]
[Source "ChessBase"]
[SourceDate "2005.11.24"]
[SourceVersion "1"]
[SourceVersionDate "2005.11.24"]
[SourceQuality "1"]

1. e4 c5 2. Nf3 d6 3. d4 cxd4 4. Nxd4 Nf6 5. Nc3 a6 6. Bg5 e6 7. f4 Be7 8. Qf3 e5 9. Nb3 b5 10. a3 O-O 11. f5 Nbd7 12. O-O-O Bb7 13. g4 Rc8 14. Bxf6 Nxf6 15. Rg1 Qb6 16. Bd3 Rxc3 17. bxc3 d5 18. exd5 Bxd5 19. Qh3 Bxa3+ 20. Kb1 Rc8 21. g5 Rxc3 22. gxf6 Qxf6 23. Qg3 h6 24. Ka2 b4 25. Rb1 e4 26. Qxg7+ Qxg7 27. Rxg7+ Kxg7 28. Bxa6 Rxc2+ 29. Ka1 Rxh2 0-1

[Event "CAN-op"]
[Site "Sackville CAN"]
[Date "2001.07.11"]
[Round "6"]
[White "McCusky, Louis"]
[Black "Uuetoa, Harold"]
[Result "1-0"]
[WhiteElo "1547"]
[BlackElo "1768"]
[PlyCount "73"]
[GameId "2160767911564178"]
[EventDate "2001.07.07"]
[EventType "swiss"]
[EventRounds "10"]
[EventCountry "CAN"]
[SourceTitle "EXT 2006"]
[Source "ChessBase"]
[SourceDate "2005.11.24"]
[SourceVersion "1"]
[SourceVersionDate "2005.11.24"]
[SourceQuality "1"]

1. Nf3 d5 2. g3 g6 3. Bg2 Bg7 4. d3 c5 5. O-O Nf6 6. Re1 O-O 7. Nbd2 Nc6 8. h3 b6 9. Nf1 Bb7 10. a3 e5 11. N3d2 Re8 12. e4 d4 13. Nf3 Qc7 14. Nh4 h6 15. Nh2 Qd7 16. Bd2 a5 17. g4 Kh7 18. Nf1 Ne7 19. Ng3 Rac8 20. Nf3 Nfg8 21. Nh4 Bf6 22. Nhf5 gxf5 23. gxf5 Nc6 24. Nh5 Qe7 25. Kh2 Bh8 26. Rg1 Nf6 27. Nxf6+ Qxf6 28. Qh5 Rg8 29. Bf3 Rxg1 30. Rxg1 Bg7 31. Bg5 Qd6 32. f6 Bf8 33. Qxf7+ Kh8 34. Bd2 Ne7 35. Bh5 Bc6 36. Bg6 Nxg6 37. Qxg6 1-0

[Event "CAN-op"]
[Site "Sackville CAN"]
[Date "2001.07.11"]
[Round "6"]
[White "Morabito, Matthew"]
[Black "Bluvshtein, Ilia"]
[Result "1-0"]
[WhiteElo "1915"]
[BlackElo "2146"]
[PlyCount "51"]
[GameId "2160767911564179"]
[EventDate "2001.07.07"]
[EventType "swiss"]
[EventRounds "10"]
[EventCountry "CAN"]
[SourceTitle "EXT 2006"]
[Source "ChessBase"]
[SourceDate "2005.11.24"]
[SourceVersion "1"]
[SourceVersionDate "2005.11.24"]
[SourceQuality "1"]

1. Nf3 Nf6 2. g3 g6 3. Bg2 Bg7 4. c4 O-O 5. O-O c5 6. Nc3 Nc6 7. e3 d6 8. h3 a6 9. d3 Rb8 10. Rb1 b5 11. Ng5 Bd7 12. b3 h6 13. Nge4 Nxe4 14. Nxe4 f5 15. Nd2 Nb4 16. d4 Nxa2 17. Bb2 Qb6 18. Nf3 Bc6 19. d5 Bd7 20. Nh4 Kh7 21. e4 Nc3 22. Bxc3 Bxc3 23. exf5 Rxf5 24. Be4 Re5 25. Bxg6+ Kg7 26. Qf3 1-0

[Event "CAN-op"]
[Site "Sackville CAN"]
[Date "2001.07.11"]
[Round "6"]
[White "Nathani, Kaleim"]
[Black "Bowles, Charles"]
[Result "0-1"]
[WhiteElo "1867"]
[BlackElo "1609"]
[PlyCount "64"]
[GameId "2160767911564180"]
[EventDate "2001.07.07"]
[EventType "swiss"]
[EventRounds "10"]
[EventCountry "CAN"]
[SourceTitle "EXT 2006"]
[Source "ChessBase"]
[SourceDate "2005.11.24"]
[SourceVersion "1"]
[SourceVersionDate "2005.11.24"]
[SourceQuality "1"]

1. e4 g6 2. d4 Bg7 3. c4 d6 4. Nc3 Nf6 5. Nf3 O-O 6. Be2 Bg4 7. h3 Bxf3 8. Bxf3 e5 9. d5 Nbd7 10. O-O a5 11. Be3 h6 12. a3 Kh7 13. b4 axb4 14. axb4 Qe7 15. Qd2 Ng8 16. Nb5 Rxa1 17. Rxa1 f5 18. Nxc7 Rc8 19. Ne6 Rxc4 20. Qd3 Rc8 21. Ra7 f4 22. Bd2 Nb6 23. Qb5 Nc4 24. Rxb7 Nxd2 25. Rxe7 Rc1+ 26. Kh2 Nxe7 27. h4 Nf1+ 28. Kh3 Nd2 29. Qd7 Rh1+ 30. Kg4 h5+ 31. Kg5 Nxf3+ 32. gxf3 Rg1# 0-1

[Event "CAN-op"]
[Site "Sackville CAN"]
[Date "2001.07.11"]
[Round "6"]
[White "O'Donnell, Tom"]
[Black "Gaspariants, Vladimir"]
[Result "1-0"]
[WhiteElo "2357"]
[BlackElo "2305"]
[PlyCount "73"]
[GameId "2160767911564181"]
[EventDate "2001.07.07"]
[EventType "swiss"]
[EventRounds "10"]
[EventCountry "CAN"]
[SourceTitle "EXT 2002"]
[Source "ChessBase"]
[SourceDate "2001.11.25"]
[SourceVersion "1"]
[SourceVersionDate "2001.11.25"]
[SourceQuality "1"]

1. e4 e5 2. Nf3 Nc6 3. Bb5 a6 4. Bxc6 dxc6 5. O-O Qd6 6. Na3 b5 7. c3 Bg4 8. h3 Bh5 9. Qe2 c5 10. Rd1 Bxf3 11. Qxf3 Rd8 12. d3 Qf6 13. Qg3 h6 14. Nc2 Bd6 15. a4 Ne7 16. axb5 axb5 17. Ra6 g5 18. Be3 Ng6 19. Bxc5 Nf4 20. Kf1 Qe6 21. Bxd6 cxd6 22. Ne3 b4 23. c4 Qc8 24. Rb6 Qc7 25. Rb5 Rb8 26. Nd5 Nxd5 27. Rxb8+ Qxb8 28. exd5 f5 29. d4 e4 30. h4 b3 31. hxg5 Qb4 32. gxh6 Qxc4+ 33. Kg1 Qxd5 34. Qg6+ Qf7 35. Qxd6 Rh7 36. Rc1 Qb7 37. Qe6+ 1-0